Disaster management in India / (Record no. 175673)

MARC details
000 -LEADER
fixed length control field 00722nam a22001937a 4500
005 - DATE AND TIME OF LATEST TRANSACTION
control field 20200914151651.0
010 ## - LCCN (DPL NO)
LC control number B-732625
020 ## - INTERNATIONAL STANDARD BOOK NUMBER
International Standard Book Number 9788193812280
Terms of availability 795.00
035 ## - SYSTEM CONTROL NUMBER
System control number B-732625
037 ## - SOURCE OF ACQUISITION
Source of stock number/acquisition Atharv Publications
082 ## - DEWEY DECIMAL CLASSIFICATION NUMBER
Classification number 363.340954
100 ## - MAIN ENTRY--PERSONAL NAME
Personal name Ramaiah, G.
245 ## - TITLE STATEMENT
Title Disaster management in India /
Statement of responsibility, etc by G. Ramaiah
260 ## - PUBLICATION, DISTRIBUTION, ETC. (IMPRINT)
Place of publication, distribution, etc New Delhi
Name of publisher, distributor, etc Atharv Publications
Date of publication, distribution, etc 2019
270 ## - ADDRESS
Address 110, 1st Floor, Gali No.4, Harphool Vihar, Bapraula
City New Delhi
Postal code 110043
300 ## - PHYSICAL DESCRIPTION
Extent xiii, 255p.
Dimensions 22cm(Hb)
942 ## - ADDED ENTRY ELEMENTS (KOHA)
Source of classification or shelving scheme Dewey Decimal Classification
Item type English Books
Classification part 363.340954
Call number suffix RAM
Holdings
Withdrawn status Lost status Not for loan Collection code Home library Current library Date acquired Source of acquisition Cost, normal purchase price Full call number Barcode Copy number Cost, replacement price Koha item type
      Non-fiction Central Library Central Library 14/09/2020 Gift/Eng/27.02.2020 795.00 363.340954 RAM B-732625 1 795.00 English Books

© Delhi Public Library
Hit Counter
free hit counter